[Event "ESP-chT U14"]
[Site "Aviles"]
[Date "2008.06.29"]
[Round "6.1"]
[White "Garcia Albiol, Cristina"]
[Black "Meneses Gonzalez, Kevin Moises"]
[Result "0-1"]
[WhiteElo "1800"]
[BlackElo "1904"]
[PlyCount "82"]
[EventDate "2008.06.25"]
[EventType "team-swiss"]
[EventRounds "6"]
[EventCountry "ESP"]
[SourceTitle "EXT 2010"]
[Source "ChessBase"]
[SourceDate "2010.11.25"]
[SourceVersion "1"]
[SourceVersionDate "2010.11.25"]
[SourceQuality "1"]

1. e4 c5 2. c3 d5 3. exd5 Qxd5 4. Nf3 Nf6 5. d4 cxd4 6. Qxd4 Qxd4 7. Nxd4 a6 8. Be2 e5 9. Nf3 Nc6 10. 0-0 Bg4 11. Re1 Bd6 12. h3 Be6 13. Nbd2 Bc7 14. Bd3 0-0-0 15. Bc2 h6 16. Ne4 Nxe4 17. Bxe4 Bd5 18. Bxd5 Rxd5 19. Be3 Rhd8 20. Nh4 e4 21. c4 Rh5 22. g3 Ne5 23. b3 g5 24. Nf5 Nf3+ 25. Kg2 g4 26. hxg4 Rh2+ 27. Kf1 Nxe1 28. Rxe1 Ba5 29. Ne7+ Kb8 30. Kg1 Bxe1 31. Kxh2 Bd2 32. Bf4+ Bxf4 33. gxf4 Rd2 34. Kg3 Rxa2 35. Nf5 Ra3 36. Nxh6 Rxb3+ 37. Kh4 a5 38. Nxf7 a4 39. Nd6 a3 40. Nxe4 a2 41. Nd2 Rb2 0-1